| 000 | 00328nam a2200109Ia 4500 | ||
|---|---|---|---|
| 008 | 200302s9999 xx 000 0 und d | ||
| 100 | _aNathabandu T. & Others | ||
| 245 | _aStatistics, Probability & Reliability for Civil & Environmental Engineers | ||
| 260 | _bTata Mcgraw-Hill Publishing Co. | ||
| 260 | _c1998 | ||
| 300 | _a733 P., | ||
| 999 |
_c1086 _d1086 |
||